|
|
|
|
| LEADER |
01238nam a22003137a 4500 |
| 001 |
6971 |
| 003 |
BD-DhAAL |
| 005 |
20190106121348.0 |
| 008 |
190106t1992 th a|||| |||| 00| 0 eng d |
| 999 |
|
|
|c 40372
|d 40372
|
| 040 |
|
|
|a BD-DhAAL
|
| 082 |
|
|
|a 616.246
|2 22
|
| 100 |
|
|
|a Islam, Akramul,
|d 1964-
|9 29426
|
| 245 |
|
|
|a Evaluation of the pilot project in the performance of VHVs and VHCs in tuberculosis control /
|c Akramul Islam
|
| 260 |
|
|
|a Thailand :
|b M.P.H.M. Mahidol University,
|c 1992
|
| 300 |
|
|
|a vi, 117 pages :
|b illustrations ;
|c 30 cm
|
| 541 |
|
|
|a BRAC
|e 6971
|
| 650 |
|
|
|a Tuberculosis
|9 29430
|
| 650 |
|
|
|a Tuberculosis
|x prevention & control
|9 29431
|
| 650 |
|
|
|a Employee Performance Appraisal
|9 29432
|
| 650 |
|
|
|a Village health communicators
|9 29433
|
| 650 |
|
|
|a Village health volunteers
|9 29434
|
| 700 |
|
|
|a Wongkhomtong, Som-arch
|9 29427
|
| 700 |
|
|
|a Bamrungtrakul, Thavisakdi
|9 29428
|
| 700 |
|
|
|a Pattara-arechachai, Junya
|9 29429
|
| 710 |
|
|
|a ASEAN Institute for Health Development
|9 29435
|
| 852 |
|
|
|a Ayesha Abed Library
|c General Stacks
|
| 942 |
|
|
|2 ddc
|c BK
|
| 952 |
|
|
|0 0
|1 0
|2 ddc
|4 0
|6 616_246000000000000_ISL
|7 0
|9 64887
|a BRACUL
|b BRACUL
|c GEN
|d 2019-01-06
|e BRAC
|l 0
|o 616.246 ISL
|p 3010006971
|r 2019-01-06
|t 1
|w 2019-01-06
|y BK
|